Шифртелеграмма наркома иностранных дел СССР В. М. Молотова полпреду СССР в Турции А. В. Терентьеву о передаче заявления НКИД ССС...

RUSMARC
00005942cbm0a2200361#x 450
001ca386639-00fe-4bf8-a3c4-4a4b32aed20b
00520210519155033.0
100##$a20210421j19390903k###0rusy50 ca
1010#$arus
102##$aRU
1220#$ad19390903##
2001#$aШифртелеграмма наркома иностранных дел СССР В. М. Молотова полпреду СССР в Турции А. В. Терентьеву о передаче заявления НКИД СССР турецкому правительству о несвоевременном информировании советского правительства о англо-турецких переговорах и новом подходе советского руководства к вопросу об оформлении дружеских отношений с Турцией
$j3 сентября 1939 г.
251##$cДокумент
300##$aПодлинник
461#0$12001
$aФ. 059
$1251
$cФонд
$1852
$j059
462#0$12001
$aОп. 1. П. 294
$1251
$cОпись
$1852
$j1. П. 294
462#0$12001
$aД. 2029
$vЛ. 150-152
$1251
$cДело
$1852
$j2029
605##$2prlib_sh
$3LIBNET\UAF\0000088514
$aПравда о Второй мировой войне (Комплекс оцифрованных архивных документов, кино- и фотоматериалов)
$lколлекция
607##$2prlib_sh
$3LIBNET\UAF\0000092339
$aСССР
$xВзаимоотношения
$yТурция
$z1939
$jДокументы и материалы
607##$2prlib_sh
$3LIBNET\UAF\0000092340
$aТурция
$xВзаимоотношения
$yСССР
$z1939
$jДокументы и материалы
607##$2prlib_sh
$3LIBNET\UAF\0000092343
$aТурция
$xВзаимоотношения
$yВеликобритания
$z1939
$jДокументы и материалы
607##$2prlib_sh
$3LIBNET\UAF\0000092344
$aВеликобритания
$xВзаимоотношения
$yТурция
$z1939
$jДокументы и материалы
617##$2prlib_sh
$aВеликобритания
$f1939
617##$2prlib_sh
$aТурция
$f1939
686##$a63.3(2)621-6ю11
$vLBC/M
$2rubbk
686##$a63.3(5Туц)62-6ю11
$vLBC/M
$2rubbk
686##$a63.3(4Вел)62-6ю11
$vLBC/M
$2rubbk
801#0$aRU
$bПБ им. Б.Н. Ельцина
$c20210421
801#1$aRU
$bПБ им. Б.Н. Ельцина
$c20210421
$2rusmarc
801#2$aRU
$bПБ им. Б.Н. Ельцина
$c20210519
$2rusmarc
850##$aАрхив внешней политики Российской Федерации
852##$aАВП РФ
$jЛ. 150-152
8564#$nПБ им. Б.Н. Ельцина
$uhttp://readingroom.main.prlib.ru/item.aspx?id_node=n164405998&mode=full
035##$aLIBNET\0001148615
937##$d164405998
$hФедеральное архивное агентство
Формат отображения